Handwerk in Hansestädten des südlichen Ostseeraumes
| Titel: | Handwerk in Hansestädten des südlichen Ostseeraumes : Bemerkungen zum Forschungsstand und zur Problemstellung |
|---|---|
| Verfasser: | |
| In: |
Handwerk - Stadt - Hanse, Band 4 (2000), Seite 9-35 alle Artikel anzeigen |
| Veröffentlicht: | 2000 |
| Format: | Aufsatz |
| Sprache: | Deutsch |
X
alg: 39147339
001A $01999:11-11-16
001B $01999:25-04-21 $t10:52:06.000
001D $01999:11-11-16
001U $0utf8
001X $00
002@ $0Aox
003@ $0391473395
007A $0391473395 $aHEB
007T $0Herd39535
010@ $ager
011@ $a2000
021A $aHandwerk in Hansestädten des südlichen Ostseeraumes $dBemerkungen zum Forschungsstand und zur Problemstellung
028A $aMüller $dUlrich
031A $d4 $h9-35 $j2000
039B $aIn $8--Aau--. Handwerk - Stadt - Hanse. - Frankfurt am Main {[u.a.] : Lang, 2000. - 253 S.. - ISBN 3-631-36400-8 $x200000000040000991 $9093356331
045F $a330.0943816 $eDDC23BSB
045F/01 $a330.09
045F/03 $g43816
lok: 39147339 78
exp: 39147339 78 1 #EPN
201B/01 $003-04-17 $t17:54:03.000
201U/01 $0utf8
203@/01 $0787567477
208@/01 $a11-11-16 $be
209A/01 $a/ $f000 $x00
220C/01 $aTitelaufnehmer: js
244Z/01 $2Trx $#Pomeranija $#Pommern $#Pomoransko $#Pomořansko $#Hinterpommern;Vorpommern;Mittelpommern $#Pomorze Środkowe;Pomorze Przednie $#Pomořansko;Západní Pomořany; Pomořany $8--Trx--Pomorze Zachodnie $x01 $9391303775
244Z/01 $2Trx $#Baltijos regionas $#Strefa bałtycka $#Region Bałtyku $8--Trx--Ostseeraum $x02 $9391309870
244Z/01 $2Trx $#käsitöö $#amatai $#artisans $#kézmüvesség $#rzemiosło $#remeslá $#řemesla $#Gewerbe $#živnosti $8--Trx--Handwerk $x03 $9391357891
244Z/01 $2Trx $8--Trx--Einzelbeiträge $x04 $9391384570
245Z/01 $a09.04 $x01
247C/01 $82080>Marburg/Lahn, Herder-Institut, Forschungsbibliothek, Bibliographieportal $9336309341
| LEADER | 00000caa a22000002c 4500 | ||
|---|---|---|---|
| 001 | 391473395 | ||
| 003 | DE-603 | ||
| 005 | 20210425105206.0 | ||
| 007 | tu | ||
| 008 | 161111s2000 xx |||| | u00||u|ger c | ||
| 035 | |a (DE-599)HEB391473395 | ||
| 040 | |a DE-603 |b ger |c DE-603 |d DE-603 | ||
| 041 | |a ger | ||
| 082 | 0 | 4 | |8 1\u |a 330.0943816 |q DE-101 |2 23/BSB |
| 085 | |8 1\u |b 330.09 | ||
| 085 | |8 1\u |z 2 |s 43816 | ||
| 100 | 1 | |a Müller, Ulrich | |
| 245 | 0 | 0 | |a Handwerk in Hansestädten des südlichen Ostseeraumes |b Bemerkungen zum Forschungsstand und zur Problemstellung |
| 264 | 0 | |c 2000 | |
| 773 | 0 | 8 | |i In |t Handwerk - Stadt - Hanse |d Frankfurt am Main [u.a.] : Lang, 2000 |h 253 S., 23 cm |z 3631364008 |g Band 4 (2000), Seite 9-35 |w (DE-603)093356331 |
| 924 | 0 | |9 2080 |a (DE-603)787567477 |b DE-2080 |c HES |d d |g / | |


